Conceptos ordinarios 2009/ (Record no. 77464)

MARC details
000 -LEADER
fixed length control field 00548nam a22001697a 4500
008 - FIXED-LENGTH DATA ELEMENTS--GENERAL INFORMATION
fixed length control field 140826t cl||||| |||| 00| 0 spa d
020 ## - INTERNATIONAL STANDARD BOOK NUMBER
International Standard Book Number 9789588392158
050 04 - LIBRARY OF CONGRESS CALL NUMBER
Classification number KHH2698
Item number C66 2010
245 00 - TITLE STATEMENT
Title Conceptos ordinarios 2009/
Statement of responsibility, etc col. Álvaro Barrero Buitrago... [ed. al]
250 ## - EDITION STATEMENT
Edition statement 1a ed.
260 ## - PUBLICATION, DISTRIBUTION, ETC. (IMPRINT)
Place of publication, distribution, etc Colombia :
Name of publisher, distributor, etc Academia colombiana de jurisprudencia,
Date of publication, distribution, etc 2010
300 ## - PHYSICAL DESCRIPTION
Extent 214 p. ;
Dimensions 22 cm.
504 ## - BIBLIOGRAPHY, ETC. NOTE
Bibliography, etc Incluye bibliografias
650 #7 - SUBJECT ADDED ENTRY--TOPICAL TERM
Source of heading or term LEMB
Topical term or geographic name as entry element Constitución
General subdivision Resoluciones
700 1# - ADDED ENTRY--PERSONAL NAME
Personal name Barrero Buitrago, Álvaro, col.
942 ## - ADDED ENTRY ELEMENTS (KOHA)
Source of classification or shelving scheme Clasificación Decimal Dewey
Koha item type Libro
Holdings
Estado de pérdida Fuente de clasificación Estado del daño No para préstamo Ubicación permanente Ubicación actual Apartado o colección Fecha de adquisición Fuente de adquisición Área del conocimiento Clasificación Código de Barras Date last seen Número de copia Tipo de recurso
  Biblioteca del Cogreso de los Estados Unidos     Biblioteca del Posgrado en Derecho Biblioteca del Posgrado en Derecho General 26/08/2014     KHH2698 C66 2010 BPD000000281 26/08/2014 C:1 Libro
  Biblioteca del Cogreso de los Estados Unidos     Biblioteca del Posgrado en Derecho Biblioteca del Posgrado en Derecho General 26/08/2014     KHH2698 C66 2010 BPD000000282 26/08/2014 C:2 Libro